| 000 | 01408nac a2200349 i 4500 | ||
|---|---|---|---|
| 003 | EG-ScBUE | ||
| 005 | 20230226055035.0 | ||
| 008 | 150805t1933 nyua f 001 0 eng d | ||
| 035 | _a(OCoLC)1326989 | ||
| 040 |
_aEG-ScBUE _beng _erda _cEG-ScBUE _dEG-ScBUE |
||
| 082 | 0 | 4 |
_a749.21 _bNUT _222 |
| 100 | 1 |
_aNutting, Wallace, _d1861-1941, _eauthor. |
|
| 245 | 1 | 0 |
_aFurniture treasury : _bmostly of American origin : being a record of designers, details of designs and structure, with lists of clock makers in America, and a glossary of furniture terms richly illustrated. _nvolume 3 / _cBy Wallace Nutting ; drawings by Ernest John Donnelly. |
| 264 | 1 |
_aNew York : _bMacmillan Publishing Company Inc. , _c[1933] |
|
| 264 | 4 | _cc1933 | |
| 300 |
_a548 pages : _billustrations ; _c27 cm |
||
| 336 |
_2rdacontent _atext _btxt |
||
| 337 |
_2rdamedia _aunmediated _bn |
||
| 338 |
_2rdacarrier _avolume _bnc |
||
| 500 | _aIncludes index. | ||
| 590 | _aMenna Elemam | ||
| 650 | 7 |
_aFurniture _zUnited States. _2BUEsh |
|
| 650 | 7 |
_aHardware _zUnited States. _2BUEsh |
|
| 650 | 7 |
_aImplements, utensils, etc. _zUnited States. _2BUEsh |
|
| 650 | 7 |
_aClock and watch makers _zUnited States. _2BUEsh |
|
| 650 | 7 |
_aFurniture _xCollectors and collecting _zUnited States. _2BUEsh |
|
| 651 | _2BUEsh | ||
| 653 | _bENGARC | ||
| 655 | _vReading book | ||
| 700 | 1 |
_aDonnelly, Ernest John. _eartist. |
|
| 942 |
_cBB _k749.21 NUT _2ddc |
||
| 999 |
_c9106 _d9106 |
||